| 000 | 00838nam a22002417a 4500 | ||
|---|---|---|---|
| 999 |
_c275 _d275 |
||
| 001 | 000105 | ||
| 003 | CoMeUDC000105 | ||
| 005 | 20181130151924.0 | ||
| 008 | 130821s1994 ck gr spa | ||
| 020 | _a958170101X | ||
| 040 |
_aCo-BoUCM _bspa _cCoMeUDC |
||
| 041 | _aspa | ||
| 082 | 0 | 4 |
_a330.98 _220 _bG212 |
| 100 | 1 | _aGaray Salamanca, Luis Jorge | |
| 245 | 1 | 0 |
_aAmérica Latina ante el reordenamiento económico internacional / _cLuis Jorge Garay Salamanca |
| 260 |
_aBogotá (Cundinamarca, Colombia) _bUniversidad Nacional de Colombia _c1994 |
||
| 300 | _a288 páginas | ||
| 504 | _aIncluye bibliografía e índice | ||
| 650 | 0 | 4 |
_aComercio _911192 |
| 651 |
_aAmérica Latina _xComercio exterior _926570 |
||
| 651 |
_aColombia _xCondiciones económicas _926606 |
||
| 942 |
_cBK _a7 _e1 _mG17e _2ddc _h382 _iG212 |
||